00580 2200205 4500001002100000005001500021035002000036007000300056008004100059020001800100082000800118084001400126100001800140245010400158250001100262260004000273300003100313650001900344990001100363INLIS00000000000146320180207025755 a0010-0218000058ta180207 g 0 eng  a979-3931-67-1 a420 a420 IMA p0 aIMAM, Baehaqi1 aPractical English Conversations :bPercakapamn Praktis Bahasa Inggris Sehari - Hari /cImam Baehaqi acet. 1 aYogyakarta :bCakrawala Ilmu,c2010 ax, 222 Hlm ;c13,5 x 21 cm aBAHASA INGGRIS a5726 B